Sports Quiz

Random Sports Quiz

Deportivo Roster 18-19 Quiz Stats

 Plays Quiz not verified by Sporcle

Score 0/24 Timer 08:00
0 Plays Today
Number Player % Correct
4Álex Bergantiños
100%
12Michele Somma
97.5%
10Carles Gil
95%
13Adrián Ortolá
95%
1Dani Giménez
92.5%
5Pedro Mosquera
92.5%
6Domingos Duarte
92.5%
7Quique González
92.5%
9Christian Santos
92.5%
15Pedro Sánchez
92.5%
2David Simón
90%
3Saúl García
90%
Number Player % Correct
20Didier Moreno
90%
18Carlos Fernández
88.9%
8Vicente Gómez
87.5%
17Diego Caballo
87.5%
24Eneko Bóveda
87.5%
22Pablo Marí
82.5%
11Fede Cartabia
80%
21Edu Expósito
77.5%
19Borja Valle
67.5%
23Gerard Valentín
65%
16Sebastián Dubarbier
63.6%
14Michael Krohn-Dehli
62.5%

You're not logged in!

Compare scores with friends on all Sporcle quizzes.
OR
Log In

Sporcle TV

Today on Sporcle TV


Watch our educational content, quiz creation guides, and fun videos on Sporcle TV.

Show Comments

Extras

Created Sep 11, 2017ReportNominate
Tags:La Liga, player, roster, season

Top Quizzes Today


Score Distribution

Your Account Isn't Verified!

In order to create a playlist on Sporcle, you need to verify the email address you used during registration. Go to your Sporcle Settings to finish the process.

Report this User

Report this user for behavior that violates our Community Guidelines.

Details: